[Event "Titled Tuesday intern op 19th Dec Early"]
[Site "Chess.com INT"]
[Date "2023.12.19"]
[Round "10"]
[White "Ferri, Orlando Eduardo"]
[Black "Brandao, Marcius Gomes"]
[Result "1-0"]
[WhiteElo "1985"]
[BlackElo "1973"]
[PlyCount "47"]
[EventDate "2023.12.19"]
[EventType "swiss (blitz)"]
[EventRounds "11"]
[EventCountry "USA"]
[SourceTitle "CB52_2023"]
[SourceDate "2023.12.27"]
[SourceVersion "1"]
[SourceVersionDate "2023.12.27"]
[SourceQuality "1"]

1. e4 c5 2. d4 cxd4 3. c3 Nf6 4. e5 Nd5 5. cxd4 d6 6. f4 dxe5 7. fxe5 Nc6 8. Nf3 Bg4 9. Nc3 e6 10. Bb5 Bb4 11. 0-0 0-0 12. Bxc6 Nxc3 13. bxc3 Bxc3 14. Bxb7 Bxa1 15. Bxa8 Qxa8 16. Ba3 Bc3 17. Bxf8 Qxf8 18. Qb3 Bxf3 19. Qxc3 Bd5 20. a4 h6 21. Rc1 Kh7 22. Qd3+ g6 23. Rc7 Qb8 24. Rxf7+ 1-0

[Event "Titled Tuesday intern op 19th Dec Early"]
[Site "Chess.com INT"]
[Date "2023.12.19"]
[Round "2"]
[White "Ferri, Orlando Eduardo"]
[Black "Miszler, Levente"]
[Result "0-1"]
[WhiteElo "1985"]
[BlackElo "2305"]
[PlyCount "76"]
[EventDate "2023.12.19"]
[EventType "swiss (blitz)"]
[EventRounds "11"]
[EventCountry "USA"]
[SourceTitle "CB52_2023"]
[SourceDate "2023.12.27"]
[SourceVersion "1"]
[SourceVersionDate "2023.12.27"]
[SourceQuality "1"]

1. e4 c6 2. d3 d5 3. Nd2 e5 4. Ngf3 Bd6 5. g3 Nf6 6. Bg2 0-0 7. 0-0 Re8 8. h3 Nbd7 9. Re1 Nc5 10. a4 a5 11. Nh2 Qc7 12. Qf3 Ne6 13. Ndf1 b6 14. Ng4 Nxg4 15. hxg4 Nd4 16. Qd1 Bb7 17. c3 Ne6 18. Ne3 d4 19. Nf5 Bf8 20. g5 Rad8 21. Qh5 dxc3 22. bxc3 Rxd3 23. Bh3 Rxc3 24. Bb2 Rc2 25. Rab1 Nd4 26. Bxd4 exd4 27. Nxd4 Rc4 28. Nf5 Rcxe4 29. Rxe4 Rxe4 30. Ne3 Rxe3 31. fxe3 Qxg3+ 32. Bg2 Qxe3+ 33. Kh2 Bd6+ 34. Kh1 g6 35. Qd1 Qg3 36. Kg1 Bc5+ 37. Kh1 Qh4+ 38. Bh3 Qxh3# 0-1

[Event "Titled Tuesday intern op 19th Dec Early"]
[Site "Chess.com INT"]
[Date "2023.12.19"]
[Round "9"]
[White "Sarkar, Justin"]
[Black "Ferri, Orlando Eduardo"]
[Result "0-1"]
[WhiteElo "2272"]
[BlackElo "1985"]
[PlyCount "66"]
[EventDate "2023.12.19"]
[EventType "swiss (blitz)"]
[EventRounds "11"]
[EventCountry "USA"]
[SourceTitle "CB52_2023"]
[SourceDate "2023.12.27"]
[SourceVersion "1"]
[SourceVersionDate "2023.12.27"]
[SourceQuality "1"]

1. d4 d5 2. c4 e6 3. Nc3 Nf6 4. Bg5 c6 5. e3 h6 6. Bh4 Be7 7. Qc2 Nbd7 8. Nf3 0-0 9. Rc1 Ne4 10. Bxe7 Qxe7 11. Nxe4 dxe4 12. Qxe4 Qb4+ 13. Nd2 Qxb2 14. Qc2 Qxc2 15. Rxc2 e5 16. Bd3 exd4 17. exd4 Re8+ 18. Kd1 Nf6 19. Nb3 Be6 20. f3 Red8 21. Re1 a5 22. a4 b5 23. axb5 cxb5 24. Kd2 bxc4 25. Bxc4 Bxc4 26. Rxc4 a4 27. Nc5 a3 28. Ra1 Nd5 29. Nb3 Rdb8 30. Nc5 Rb2+ 31. Rc2 Rb4 32. Kd3 Nf4+ 33. Ke3 Nd5+ 0-1

[Event "Titled Tuesday intern op 21st Feb Early"]
[Site "Chess.com INT"]
[Date "2023.02.21"]
[Round "2"]
[White "Aalto, Patrik"]
[Black "Ferri, Orlando Eduardo"]
[Result "1-0"]
[WhiteElo "2193"]
[BlackElo "1985"]
[PlyCount "47"]
[EventDate "2023.02.21"]
[EventType "swiss (blitz)"]
[EventRounds "11"]
[EventCountry "USA"]
[SourceTitle "CBM 212 Extra"]
[Source "ChessBase"]
[SourceDate "2023.03.31"]
[SourceVersion "1"]
[SourceVersionDate "2023.03.31"]
[SourceQuality "1"]

1. d4 d5 2. c4 e6 3. Nc3 Nf6 4. cxd5 exd5 5. Bg5 c6 6. e3 Be7 7. Bd3 Nbd7 8. Nge2 0-0 9. 0-0 Re8 10. Qc2 Nf8 11. f3 Nh5 12. Bxe7 Qxe7 13. e4 dxe4 14. fxe4 Qg5 15. Qc1 Qg4 16. Nf4 Nxf4 17. Rxf4 Qh5 18. Qe3 Ne6 19. Rf5 Qg6 20. Raf1 Nd8 21. R5f2 f6 22. e5 Qh5 23. Qf4 c5 24. exf6 1-0

[Event "Titled Tuesday intern op 21st Feb Early"]
[Site "Chess.com INT"]
[Date "2023.02.21"]
[Round "9"]
[White "Ferri, Orlando Eduardo"]
[Black "Ardila, Oscar Humberto"]
[Result "1-0"]
[WhiteElo "1985"]
[BlackElo "1982"]
[PlyCount "83"]
[EventDate "2023.02.21"]
[EventType "swiss (blitz)"]
[EventRounds "11"]
[EventCountry "USA"]
[SourceTitle "CBM 212 Extra"]
[Source "ChessBase"]
[SourceDate "2023.03.31"]
[SourceVersion "1"]
[SourceVersionDate "2023.03.31"]
[SourceQuality "1"]

1. e4 e5 2. Nf3 Nf6 3. Nxe5 d6 4. Nf3 Nxe4 5. d4 Be7 6. Bd3 Nf6 7. c4 Bg4 8. h3 Bh5 9. Nbd2 0-0 10. Qb3 Qc8 11. 0-0 Nc6 12. d5 Ne5 13. Nxe5 dxe5 14. Re1 Bd6 15. Qc2 b6 16. b3 Re8 17. Bb2 Qd7 18. Bf5 Qe7 19. f4 Bg6 20. fxe5 Bc5+ 21. Kh1 Nh5 22. Bxg6 hxg6 23. Qd3 Qh4 24. Nf3 Qg3 25. e6 f5 26. Be5 Bd6 27. Bxg3 Nxg3+ 28. Kg1 Bc5+ 29. Kh2 Bd6 30. Ne5 Nh5 31. g4 fxg4 32. hxg4 Nf6 33. Kh3 Nh7 34. Nxg6 Ng5+ 35. Kh4 Nh7 36. Rf1 c6 37. Rf7 cxd5 38. cxd5 Rac8 39. Qd4 Nf6 40. Rxf6 gxf6 41. Qxf6 Rc7 42. Qh8# 1-0

[Event "Titled Tuesday intern op 21st Feb Early"]
[Site "Chess.com INT"]
[Date "2023.02.21"]
[Round "10"]
[White "Kornyukov, Alexey"]
[Black "Ferri, Orlando Eduardo"]
[Result "1-0"]
[WhiteElo "2452"]
[BlackElo "1985"]
[PlyCount "49"]
[EventDate "2023.02.21"]
[EventType "swiss (blitz)"]
[EventRounds "11"]
[EventCountry "USA"]
[SourceTitle "CBM 212 Extra"]
[Source "ChessBase"]
[SourceDate "2023.03.31"]
[SourceVersion "1"]
[SourceVersionDate "2023.03.31"]
[SourceQuality "1"]

1. e4 c5 2. Nf3 d6 3. c3 Nf6 4. Be2 Nxe4 5. Qa4+ Nc6 6. Qxe4 d5 7. Qa4 Bd7 8. Qb3 e6 9. 0-0 Qc7 10. d4 c4 11. Qc2 Bd6 12. Na3 a6 13. b3 b5 14. b4 h6 15. Be3 g5 16. Ne5 Nxe5 17. dxe5 Bxe5 18. h3 Bg7 19. Bd4 e5 20. Bc5 h5 21. Rad1 Be6 22. Bf3 Rd8 23. Qd2 g4 24. Be2 e4 25. Bd4 1-0

[Event "Ilha Comprida Cabeca Memorial U2200"]
[Site "Ilha Comprida"]
[Date "2016.08.21"]
[Round "5.2"]
[White "Ferri, Orlando Eduardo"]
[Black "Batista, Gerson Peres"]
[Result "1/2-1/2"]
[WhiteElo "2053"]
[BlackElo "2171"]
[PlyCount "72"]
[EventDate "2016.08.20"]
[EventType "swiss"]
[EventRounds "6"]
[EventCountry "BRA"]
[SourceTitle "EXT 2022"]
[Source "ChessBase"]
[SourceDate "2021.10.06"]
[SourceVersion "1"]
[SourceVersionDate "2021.10.06"]
[SourceQuality "1"]

1. c4 c5 2. Nc3 Nc6 3. g3 d6 4. Bg2 e5 5. d3 g6 6. Nf3 Bg7 7. h3 Nge7 8. Bg5 h6 9. Be3 0-0 10. 0-0 Rb8 11. Rb1 Be6 12. Qa4 f5 13. a3 a5 14. Ne1 f4 15. Bd2 g5 16. Nc2 Qd7 17. Kh2 fxg3+ 18. fxg3 d5 19. cxd5 Nxd5 20. Nxd5 Bxd5 21. Bxd5+ Qxd5 22. Ne3 Qe6 23. Qc4 Qxc4 24. Nxc4 b6 25. Kg2 Nd4 26. e3 Nc6 27. Bc3 Rfd8 28. Rbd1 Rd7 29. Kf3 b5 30. Nxa5 Nxa5 31. Bxa5 b4 32. axb4 cxb4 33. Rc1 Rb5 34. Bc7 Rb7 35. Ba5 Rb5 36. Bc7 Rb7 1/2-1/2

[Event "Ilha Comprida Cabeca Memorial U2200"]
[Site "Ilha Comprida"]
[Date "2016.08.21"]
[Round "4.5"]
[White "Ferri, Orlando Eduardo"]
[Black "Cabeca, Renato Aparecido Da"]
[Result "1-0"]
[WhiteElo "2053"]
[BlackElo "1611"]
[PlyCount "57"]
[EventDate "2016.08.20"]
[EventType "swiss"]
[EventRounds "6"]
[EventCountry "BRA"]
[SourceTitle "EXT 2022"]
[Source "ChessBase"]
[SourceDate "2021.10.06"]
[SourceVersion "1"]
[SourceVersionDate "2021.10.06"]
[SourceQuality "1"]

1. c4 e5 2. Nc3 Nf6 3. g3 Nc6 4. Bg2 Be7 5. Nf3 0-0 6. 0-0 h6 7. d3 d6 8. Rb1 Rb8 9. b4 Qd7 10. Nd2 b6 11. Nd5 Nxd5 12. cxd5 Nd8 13. Bb2 f5 14. Rc1 Bb7 15. Qc2 Rc8 16. e3 Bf6 17. Qb3 Kh8 18. Bh3 g5 19. f4 g4 20. Bg2 Nf7 21. e4 Kg7 22. fxe5 Nxe5 23. Rxf5 Rf7 24. Rcf1 Rcf8 25. d4 Ng6 26. e5 dxe5 27. dxe5 Nxe5 28. Rxf6 Nf3+ 29. R6xf3+ 1-0

[Event "Ilha Comprida Cabeca Memorial U2200"]
[Site "Ilha Comprida"]
[Date "2016.08.21"]
[Round "6.5"]
[White "Pritsopoulos, Constantino Demetri"]
[Black "Ferri, Orlando Eduardo"]
[Result "1-0"]
[WhiteElo "1984"]
[BlackElo "2053"]
[PlyCount "105"]
[EventDate "2016.08.20"]
[EventType "swiss"]
[EventRounds "6"]
[EventCountry "BRA"]
[SourceTitle "EXT 2022"]
[Source "ChessBase"]
[SourceDate "2021.10.06"]
[SourceVersion "1"]
[SourceVersionDate "2021.10.06"]
[SourceQuality "1"]

1. e4 c5 2. Nf3 Nc6 3. Bb5 g6 4. 0-0 Bg7 5. Nc3 Nf6 6. h3 d6 7. e5 dxe5 8. Nxe5 Qc7 9. Qf3 Bd7 10. Bxc6 Bxc6 11. Nxc6 Qxc6 12. Qxc6+ bxc6 13. d3 Nd5 14. Bd2 Rb8 15. Rab1 Nxc3 16. bxc3 Kd7 17. Bf4 Rb6 18. c4 Bd4 19. Rb3 Rxb3 20. axb3 Kc8 21. Re1 e6 22. Be5 Rd8 23. Kf1 Kb7 24. Re2 a5 25. Ke1 a4 26. bxa4 Ra8 27. Bxd4 cxd4 28. c3 dxc3 29. Ra2 Kb6 30. Kd1 Kc5 31. Kc2 Kd4 32. a5 e5 33. a6 Ra7 34. f3 f5 35. Ra4 c5 36. Ra3 g5 37. Ra4 e4 38. dxe4 fxe4 39. fxe4 Rf7 40. a7 Rf2+ 41. Kb3 Rb2+ 42. Ka3 Rb1 43. a8Q c2 44. Qd5+ Kc3 45. Qe5+ Kd3 46. Qd5+ Kc3 47. Qe5+ Kd3 48. Qg3+ Kd2 49. Qf2+ Kd3 50. Ka2 c1Q 51. Ra3+ Kxe4 52. Qf3+ Kd4 53. Qd5# 1-0

[Event "Registro Oliveira Memorial"]
[Site "Registro"]
[Date "2016.07.03"]
[Round "5.11"]
[White "Ferri, Orlando Eduardo"]
[Black "Negri, Daniel Julio S"]
[Result "1-0"]
[WhiteElo "2072"]
[BlackElo "1791"]
[PlyCount "49"]
[EventDate "2016.07.02"]
[EventType "swiss"]
[EventRounds "6"]
[EventCountry "BRA"]
[SourceTitle "EXT 2022"]
[Source "ChessBase"]
[SourceDate "2021.10.06"]
[SourceVersion "1"]
[SourceVersionDate "2021.10.06"]
[SourceQuality "1"]

1. c4 Nf6 2. Nc3 e5 3. g3 Nc6 4. Bg2 Bc5 5. Nf3 d6 6. a3 a5 7. 0-0 Be6 8. d3 0-0 9. Ng5 Bd7 10. Rb1 h6 11. Nge4 Nxe4 12. Nxe4 Qe7 13. Nxc5 dxc5 14. Be3 Rad8 15. f4 f6 16. Qd2 Bc8 17. Bd5+ Kh8 18. Bxc6 bxc6 19. Qxa5 Rd4 20. Bxd4 exd4 21. Rf2 Bf5 22. b4 Rb8 23. b5 cxb5 24. Rxb5 Rxb5 25. Qxb5 1-0

[Event "Registro Oliveira Memorial"]
[Site "Registro"]
[Date "2016.07.02"]
[Round "2"]
[White "Ferri, Orlando Eduardo"]
[Black "Pereira da Silva, Gabriel Robert"]
[Result "1-0"]
[WhiteElo "2072"]
[BlackElo "1642"]
[PlyCount "50"]
[EventDate "2016.07.02"]
[EventType "swiss"]
[EventRounds "6"]
[EventCountry "BRA"]
[SourceTitle "EXT 2017"]
[Source "ChessBase"]
[SourceDate "2016.10.25"]
[SourceVersion "1"]
[SourceVersionDate "2016.10.25"]
[SourceQuality "1"]

1. c4 Nf6 2. Nc3 g6 3. g3 Bg7 4. Bg2 0-0 5. Nf3 d6 6. d4 Nbd7 7. 0-0 e5 8. e3 c6 9. b4 exd4 10. exd4 Nb6 11. Nd2 Re8 12. Bb2 Bf5 13. c5 dxc5 14. dxc5 Nbd5 15. Nc4 Nxc3 16. Bxc3 Bd3 17. Nd6 Bxf1 18. Nxe8 Bxg2 19. Qxd8 Rxd8 20. Nxf6+ Kh8 21. Kxg2 Rd3 22. Re1 Rxc3 23. Re8+ Bf8 24. Rxf8+ Kg7 25. Ne4 Rc4 1-0

[Event "Registro op 2008"]
[Site "Registro"]
[Date "2008.05.02"]
[Round "4"]
[White "Ferri, Orlando Eduardo"]
[Black "Andrade, Roberto Luiz Costa"]
[Result "1/2-1/2"]
[WhiteElo "2104"]
[BlackElo "2271"]
[PlyCount "105"]
[EventDate "2008.04.30"]
[EventType "swiss"]
[EventRounds "9"]
[EventCountry "BRA"]
[SourceTitle "EXT 2022"]
[Source "ChessBase"]
[SourceDate "2021.10.06"]
[SourceVersion "1"]
[SourceVersionDate "2021.10.06"]
[SourceQuality "1"]

1. e4 c5 2. d4 cxd4 3. c3 Nf6 4. e5 Nd5 5. Qxd4 e6 6. Nf3 Nc6 7. Qe4 d6 8. Bc4 Nb6 9. Bb5 Bd7 10. Bg5 Qc7 11. exd6 Bxd6 12. 0-0 Ne5 13. Bxd7+ Nexd7 14. Rd1 0-0 15. b3 Rae8 16. c4 Ne5 17. Nd4 Ng6 18. h4 Bh2+ 19. Kh1 Be5 20. h5 f5 21. Qf3 Bxd4 22. Rxd4 Qe5 23. Qe3 Qxe3 24. Bxe3 Ne5 25. f3 Nc6 26. Rd1 f4 27. Bxb6 axb6 28. Nc3 Rd8 29. Nb5 Nb4 30. Nc7 Kf7 31. Rxd8 Rxd8 32. Re1 Rd6 33. Re4 Nd3 34. Kh2 g5 35. hxg6+ hxg6 36. Nb5 Rd7 37. Nd4 e5 38. Nb5 Kf6 39. Nc3 Nf2 40. Re2 Rh7+ 41. Kg1 Nh1 42. Nd5+ Kf5 43. Nxb6 Ng3 44. Re1 g5 45. c5 e4 46. fxe4+ Nxe4 47. Nc4 Ng3 48. b4 Rh1+ 49. Kf2 Ne4+ 50. Ke2 Nc3+ 51. Kd2 Ne4+ 52. Kd1 Nc3+ 53. Kd2 1/2-1/2